Studies on a new binary accelerator system in sulfur vulcanization of natural rubber (Record no. 69539)

MARC details
000 -LEADER
fixed length control field 00535nam a2200193Ia 4500
100 ## - MAIN ENTRY--AUTHOR NAME
Personal name Mercykutty C V
245 #0 - TITLE STATEMENT
Title Studies on a new binary accelerator system in sulfur vulcanization of natural rubber
260 ## - PUBLICATION, DISTRIBUTION, ETC. (IMPRINT)
Name of publisher Kautschuk Gummi Kunststoffe
Year of publication 2008
300 ## - PHYSICAL DESCRIPTION
Number of Pages 383-389
500 ## - GENERAL NOTE
General note Source Year: 2008
520 ## - SUMMARY, ETC.
Summary, etc DL
650 ## - SUBJECT ADDED ENTRY--TOPICAL TERM
Topical Term Crosslinking
650 ## - SUBJECT ADDED ENTRY--TOPICAL TERM
Topical Term Mechanical properties
650 ## - SUBJECT ADDED ENTRY--TOPICAL TERM
Topical Term Vulcanization
700 ## - ADDED ENTRY--PERSONAL NAME
Personal name Mathew E J
700 ## - ADDED ENTRY--PERSONAL NAME
Personal name Thomas S
942 ## - ADDED ENTRY ELEMENTS (KOHA)
Koha item type Journals
Holdings
Withdrawn status Lost status Damaged status Not for loan Home library Current library Shelving location Date acquired Serial Enumeration / chronology Koha item type
      Journals RRII Library RRII Library Rubber technology 19/09/2008 Volume 61, Issue 08-Jul Journals